| 000 | 01358cad a22002055a 4500 | ||
|---|---|---|---|
| 001 | L153927 | ||
| 008 | 110922s2011 xxk f 000 0 eng d | ||
| 035 | _a(Sirsi) u153927 | ||
| 041 | 0 | _aeng | |
| 110 | 2 |
_aDepartment for Communities and Local Government _95880 |
|
| 245 | 0 | 0 |
_aCode for sustainable homes and energy performance of buildings _bcumulative and quarterly data for England, Wales and Northern Ireland up to end of June 2011 _h[electronic resource] |
| 260 |
_aLondon _bDCLG _c2011 |
||
| 520 | _aStatistics relate to the number of dwellings that have been certified in the Code for Sustainable Homes Technical Guide. Key points from the release include that there were 32 725 post construction stage certificates and 72 969 design stage certificates issued up to 30th June 2011. Also the average energy efficiency (SAP) rating of new homes was 80.2 in England and 79.7 in Wales for the quarter April - June 2011. This is a decrease of 0.6 points for both England and Wales on the same quarter 2010, from 80.8 and 80.3 respectively | ||
| 590 | _aKA | ||
| 651 | 4 |
_aEngland and Wales _y1543- |
|
| 651 | 4 |
_aNorthern Ireland _y2007- |
|
| 690 | _aENVIRONMENTAL AND LAND CONSULTANCY-SUSTAINABILITY | ||
| 856 | 4 | 0 |
_uhttps://www.communities.gov.uk/documents/statistics/pdf/1972890.pdf _zView the item free of charge at www.communities.gov.uk |
| 942 | _n0 | ||
| 999 |
_c112768 _d112768 |
||